| 000 | 00834cam a22002655a 4500 | ||
|---|---|---|---|
| 001 | 016220854 | ||
| 003 | OSt | ||
| 005 | 20170105145404.0 | ||
| 008 | 130216t2013 enka frb 001 0 eng d | ||
| 020 | _a9780273767428 | ||
| 020 | _a0273767429 | ||
| 040 |
_aStDuBDS _beng _cStDuBDS _dUk _dEG-ScBUE |
||
| 082 | 0 | 4 |
_a658.404 _222 _bPIN |
| 100 | 1 |
_aPinto, Jeffrey K. _939825 |
|
| 245 | 1 | 0 |
_aProject management : _bachieving competitive advantage / _cJeffrey K. Pinto. |
| 250 | _a3rd ed., Global ed. | ||
| 260 |
_aHarlow : _bPearson Education Limited, _cc.2013. |
||
| 300 |
_a528 p. : _bill. ; _c28 cm |
||
| 504 | _aIncludes bibliographical references and index. | ||
| 650 | 7 |
_aProject management. _2BUEsh _911664 |
|
| 651 | _2BUEsh | ||
| 653 |
_bBUSADM _cJanuary2017 |
||
| 690 | 7 |
_aManagement and Business Studies _2blcoll |
|
| 942 | _2ddc | ||
| 999 |
_c23851 _d23823 |
||